000
00405nam a2200133Ia 4500
008
151001s9999||||xx |||||||||||||| ||und||
100
_a
मधुसूदन घाणेकर
245
_a
प्रखर राष्ट्रवादी पंतप्रधान
250
_a
1
260
_b
अत्रे प्रकाशन
260
_c
2000
300
_a
32
365
_b
21
999
_c
978150
_d
978147